| 000 | 00349nam a22001337a 4500 | ||
|---|---|---|---|
| 008 | 241127b |||||||| |||| 00| 0 eng d | ||
| 020 | _a0140808833 | ||
| 050 |
_aPE 1066 _b.H37 |
||
| 100 | _aHarmes Susan | ||
| 245 | _aNew connexions series Editors: David Christie Education | ||
| 260 |
_aNew York _bPenguin Group _c1989 |
||
| 300 | _a96 | ||
| 942 | _cBK | ||
| 999 |
_c1808 _d1808 |
||